000 00955nam a2200337Mi 4500
001 91341
005 20230411090049.0
008 050721s2004 nyua f f 001 0 eng d
035 _a(OCoLC)ocn455971641
040 _aSILIS
_eppiak
_bslv
_cSILIS
015 _aGBA3-T9133
020 _a1841842486
020 _a9781841842486
035 _a(OCoLC)455971641
044 _axxu
_cusa
080 _a618
_2do 4. izd.
082 0 _a618.1059
_221
049 _aGRAL
245 1 0 _aSurgical management of endometriosis /
_cedited by David B. Redwine.
260 _aNew York ;
_aLondon :
_bMartin Dunitz,
_c2004.
300 _aXI, 242 str. :
_bilustr. ;
_c25 cm.
504 _aBibliografija na koncu poglavij.
504 _aKazalo.
650 0 0 _aEndometriosis
_xSurgery.
650 0 2 _aEndometriosis
_xSurgery.
650 0 2 _aEndometrioza
_xKirurgija.
700 1 2 _aRedwine, David B.
_4edt
942 _2lcc
_cbk
994 _aC0
_bDRFGD
946 _ardc
999 _c111846
_d111846